MDQL
is popping MORE tags! Check the
thread
!
Quizzes
Events
Quiz Creation
Community
Videos
Private Events
Remove Ads
Sign In
Join for FREE
Feedback
Dark Mode
Quiz Categories
Sports
Geography
Music
Movies
Television
Just For Fun
Miscellaneous
History
Literature
Language
Science
Gaming
Entertainment
Religion
Holiday
For Kids
Quiz Lab
Recent
Popular Today
Quiz Kudos Today
Editor Picks
Curator Picks
Quizzes by...
Day
Popularity
Type
Ratings
Length
Year
Community
Subscriptions
Recent Discussions
Orange Saloon
Badges
Playlists
Quests
Create
Leaderboards
Showdown
Live 5
Trivia Bingo
Activity
Puzzle Library
Sporcle Events
Private Events
Virtual Trivia
Globe League
Become a Host
Pub Owners
SporcleCon
Opinionation
Our Games
Videos
Blog
Mobile Apps
Partnerships
Remove Ads and Go Orange
Feedback
Television
TV Characters
TV Show
Sitcom
Network
Friends
Reality Shows
Cast
South Park
Star Trek
The Simpsons
Doctor Who
Television
TV Characters
TV Show
Sitcom
Network
Friends
Reality Shows
Cast
South Park
Star Trek
The Simpsons
Doctor Who
Random Quiz
Search Sporcle
×
Quiz Lab
Quiz Lab
Television
Seinfeld
Type in answers that appear in a list
Type in answers that appear in a list
Classic
Best Score? Go Orange.
Seinfeld: Episode Title Quotes Stats
Can you name the Seinfeld quotes that contain the title of the episode?
By
1906cubs
6m
20 Questions
506 Plays
506 Plays
506 Plays
Comments
Comments
Give Quiz Kudos
Give Quiz Kudos
-
- Ratings
hide this ad
More Info
Forced Order
Answers have to be entered in order
Answers have to be entered in order
Random Order
Randomize order of answers
Randomize order of answers
Replay
Link that replays current quiz
Next Quiz
Link to next quiz in quiz playlist
You Got
0%
They Got
Avg Score
63%
Avg Friend Score
Upgrade to see
Score Distribution
Jump to the score distribution portion of the page
Score
0/20
Timer
06:00
0
Plays Today
Quote
Episode
% Correct
I can't wear this _
_
_
_
_
-
_
_
_
_
_
on TV! I mean, look at it! It looks ridiculous!
The Puffy Shirt
92.1%
Yeah. I met this lawyer, we went out to dinner, I had the lobster bisk, we went back to my place, _
_
_
_
-
_
_
_
_
, I never heard from him again.
The Yada Yada
89.7%
Who's gonna turn down a _
_
_
_
_
-
_
_
_
_
_
_
? It's Chocolate, it's peppermint.... its delicious.
The Junior Mint
89.3%
I can't. She won't return my calls because she caught me in a _
_
_
_
at a light.
The Pick
86.2%
Kramer! It's Silvio! Open up, I need to talk to you!... I can see you through the _
_
_
_
_
_
_
-
_
_
_
_
_
_
_
_
_
_
.
The Reverse Peephole
82.4%
You wouldn't believe it. My boyfriend dumped me. My friends, who I don't even like, they won't talk to me. All because I don't like that stupid _
_
_
_
_
_
_
-
_
_
_
_
_
_
_
_
_
_
movie.
The English Patient
82.4%
Now see, this is what the holiday's are all about. Three buddies sitting around chewing _
_
_
_
.
The Gum
80.6%
Is anyone here a _
_
_
_
_
_
-
_
_
_
_
_
_
_
_
?
The Marine Biologist
76.3%
Did you happen to notice that Julie handed the _
_
_
-
_
_
_
_
_
to Elaine?
The Big Salad
75.3%
_
_
_
_
_
_
_
is gonna put the moves on Elaine.
The Jimmy
71.9%
Quote
Episode
% Correct
Yes, I will do the _
_
_
_
_
_
_
. I used to sit here and do nothing, and regret it for the rest of the day, so now I will do the _
_
_
_
_
_
_
_
, and I will do... something!
The Opposite
71.5%
All right, now here's the lowdown. From a certain connection, I've been able to locate some black market _
_
_
_
_
_
_
_
_
_
_
_
. They're all made in the former Yugoslavia.
The Shower Heads
71.5%
I think that's the _
_
_
_
_
from my house. That looks like the _
_
_
_
_
from my house!
The Statue
63.8%
Stan the _
_
_
_
.
The Caddy
59.5%
'My _
_
_
' this, 'my _
_
_
_
' that... it's an amazing way to begin a sentence.
The Wife
58.7%
Hey Ed, let me ask you something. What's with the _
_
_
_
_
_
_
_
and all of the psychotic imagery?
The Fatigues
38.9%
Hola, Jerry! I'm into this _
_
_
_
_
-
_
_
_
_
_
-
_
_
_
! The sights! The sounds! The hot, spicy flavor of it all! It's caliente, Jerry!
The Puerto Rican Day
36.8%
So you found that _
_
_
_
_
in the garbage can, huh?
The Watch
29.8%
Wait a second.... the _
_
_
_
_
thats the _
_
_
_
_
_
!
The Letter
9.7%
Explain to me how this _
_
_
-
_
_
_
_
_
_
thing works?
The Baby Shower
4.7%
Quiz Playlist
Details
Report
Send in Message
Add To Playlist
More Info:
Does not include "the" in all of the quotes. Dash indicates answer is more than one word.
Classic:
Type in answers that appear in a list
Forced Order:
Answers have to be entered in order
Random Order:
Randomize order of answers
Quiz Source
Last Updated: Feb 16, 2017
Quiz Scoreboard
CHALLENGE
Sign Up to Join the Scoreboard
Show All
Scores
Hide
Comments
May contain spoilers
Recently Published
Street Fighter Characters
by Artimus82
Gaming
60s
9x9 Crossword: Cartoon Network
by jackfrog10
Miscellaneous
3m
College Basketball Coaching Resumes
by pancakes188
Sports
9m
More to Explore
Quiz From the Vault
Featured Blog Post
Where Did the Easter Bunny Come From?
hide this ad
You Might Also Like...
Tags
Seinfeld
Seinfeld Episodes
Seinfeld Quotes
Today's Top Quizzes in Television
Browse Television
hide this ad
Today's Top Quizzes in Seinfeld
Browse Seinfeld
Top Contributed Quizzes in Television
1
5-to-1: The Simpsons Families
2
Adjectives in 80s TV Shows
3
Adjectives in 00s TV Shows
4
Survivor Journey Challenge
5
5-to-1: Television Doctors
6
7-to-1: TV Show Settings
7
Adjectives in 10s TV Shows
8
5-to-1: Streaming Originals
9
Survivor Seasons
10
Adjectives in 70s TV Shows
Explore More
Trending Topics
Kpop
NBA
Anime
Crossword
Harry Potter
Marvel
Disney
The Office
WWE
Soccer
Pokémon
Country
Song
Puzzle
NFL
hide this ad
More By:
1906cubs
Quiz
Plays
Rating
Category
Featured
Created
Big Four: 3+ Consecutive Title Games
87,444
4.53
Sports
Oct 3, 2011
Undefeated But No Championship
59,145
4.26
Sports
Nov 13, 2011
Longest College Basketball Winning Streaks
56,229
4.25
Sports
Apr 7, 2012
Hey! You Stole Our Nickname
47,308
4.67
Sports
Jan 10, 2012
Emmy Nominated Every Season
44,505
4.22
Television
Sep 23, 2011
Go to Creator's Profile
Score Distribution
Quiz Creator Spotlight
1906cubs
Follow
Send a Message
Quizzes Created
-
Created Quiz Play Count
-
More By This Creator
Popular Quizzes Today
1
Find the US States - No Outlines Minefield
2
Find the Countries of Europe - No Outlines Minefield
3
The Countries of the World
4
Find the US States
5
Risky Map Clicking: Biggest States A-Z
6
US States
7
Popular People in 1961
8
Movies - When Are They Set?
More Television Quizzes
Speed TV: Trios 16
Quiz Lab
Trending Quizzes
Risky Map Clicking: Least Populous States A-Z
Countries of the World: 200 Million BC
Billboard Blitz: Aretha Franklin
1-10 Letter G Words
Famous Russians: Author or Composer?
Recently Updated
Leaping Animals
pecheneg
Reality TV Shows (A-Z)
bhenderson79
Rickey Henderson's Hall of Fame Teammates
pecheneg
Champions League XIs: Arsenal
pecheneg
Quick Pick: Celebrities in WWE's Hall of Fame
aduchscher
A-Z Keypad Blitz II
pecheneg
Multiple Oscar Actors
pecheneg
Mystery Phrase Blitz: Oscar 'Best Actors'
pecheneg
F. Scott Fitzgerald Novels
LTH
Pick 3 Villains
ddd62291
Trending Topics
NBA
Disney
Marvel
Harry Potter
Crossword
Anime
Kpop
WWE
The Office
Puzzle
Soccer
NFL
Song
Country
Pokémon
Your Account Isn't Verified!
In order to create a playlist on Sporcle, you need to verify the email address you used during registration. Go to your
Sporcle Settings
to finish the process.
Report this User
Report this user for behavior that violates our
Community Guidelines
.
Details:
Send Report
Go to the Sporcle.com Mobile Site →
Comments